000
00274nam a2200109Ia 4500
001
588930
005
20250717120839.0
008
250717s9999 xx 000 0 und d
245
0
_a
Y-8 YENİ OKUL YENİ MACERA
_c
MERYEM UÇAR
260
_b
ERDEM YAYINLARI
_c
2018
300
_b
126
999
_c
588930
_d
588930